Statistics for All New for 2019 Roller Coasters (North America)

Click here to take the quiz!

General Stats

  • This quiz has been taken 50 times
    (47 since last reset)
  • The average score is 6 of 25

Answer Stats

Park NameRoller Coaster% Correct
CarowindsCopperhead Strike
78%
KennywoodSteel Curtain
75%
Six Flags Magic MountainWest Coast Racers
63%
Canada's WonderlandYukon Striker
63%
Six Flags Great AmericaMaxx Force
60%
Busch Gardens TampaTigris
55%
DollywoodDragon Flier
45%
Kentucky KingdomKentucky Flyer
43%
SeaWorld San DiegoTidal Twister
35%
Six Flags Discovery KingdomBatman: The Ride
28%
AdventurelandPhoenix
18%
Frontier CityFrankie's Mine
13%
Georgia Mountain CoasterGeorgia Mountain Coaster
10%
CJ Barrymore's Family Entertainment CenterSpinning Coaster
10%
Calaway ParkBumble Blast
5%
Edaville Family Theme ParkKersplash
5%
Morey's PiersRunaway Tram
5%
Wild AdventuresSwampwater Snake
5%
Storybook LandCinderella Coaster
3%
Mundo PetapaRelampago
3%
Fantasy IslandDragon's Flight
0%
Wonderland Amusement ParkSpin-o-saurus
0%
Mega ParcTelegraphe
0%
Jenkinson's BoardwalkTidal Wave
0%
The Rides at Long BeachWacky Worm
0%

Score Distribution

Percentile by Number Answered

Percent of People with Each Score

Your Score History

You have not taken this quiz since the last reset